<?xml version="1.0" encoding="UTF-8"?>
<collection xmlns="http://www.loc.gov/MARC21/slim">
 <record>
  <leader>     na                 </leader>
  <controlfield tag="001">INLIS000000000860826</controlfield>
  <controlfield tag="005">20210609095548</controlfield>
  <datafield tag="035" ind1=" " ind2=" ">
   <subfield code="a">0010-0621000361</subfield>
  </datafield>
  <controlfield tag="007">ta</controlfield>
  <controlfield tag="008">210609t2020    yoia   g          1 ind d</controlfield>
  <datafield tag="020" ind1=" " ind2=" ">
   <subfield code="a">978-623-95675-4-5</subfield>
  </datafield>
  <datafield tag="040" ind1=" " ind2=" ">
   <subfield code="a">YOPDYOG</subfield>
   <subfield code="b">ind</subfield>
   <subfield code="c">rda</subfield>
  </datafield>
  <datafield tag="082" ind1="0" ind2="4">
   <subfield code="2">23</subfield>
   <subfield code="a">899.2221</subfield>
  </datafield>
  <datafield tag="084" ind1=" " ind2=" ">
   <subfield code="a">899.2221 DES k</subfield>
  </datafield>
  <datafield tag="090" ind1=" " ind2=" ">
   <subfield code="a">CB-D.11 2020-2951</subfield>
  </datafield>
  <datafield tag="100" ind1="0" ind2=" ">
   <subfield code="a">Dessy Rosita Dewi</subfield>
   <subfield code="e">penulis</subfield>
   <subfield code="t">sumarah, tembung, mangsi</subfield>
  </datafield>
  <datafield tag="245" ind1="1" ind2="0">
   <subfield code="a">Krakitha kalah wegig :</subfield>
   <subfield code="b">antologi geguritan, esai, cerkak bulan bahasa dan sastra /</subfield>
   <subfield code="c">penulis, Dessy Rosita Dewi, Rohmadi, Nanda Nursa Alya, Sunarti, Tri Wahyuni, Muhammad Rifan Fachrian, Andi Tristianto, Zaenita Sayidatil Ayami, Vighna, Syafi'i, Hilaria; penyunting, Yohanes Adhi Satiyoko</subfield>
  </datafield>
  <datafield tag="250" ind1=" " ind2=" ">
   <subfield code="a">Cetakan pertama, Desember 2020</subfield>
  </datafield>
  <datafield tag="300" ind1=" " ind2=" ">
   <subfield code="a">xii, 217 halaman :</subfield>
   <subfield code="b">ilustrasi, gambar ;</subfield>
   <subfield code="c">21 cm</subfield>
  </datafield>
  <datafield tag="650" ind1=" " ind2="4">
   <subfield code="a">Kumpulan--</subfield>
   <subfield code="x">Geguritan--</subfield>
   <subfield code="z">Jawa</subfield>
  </datafield>
  <datafield tag="700" ind1="0" ind2=" ">
   <subfield code="a">Rohmadi</subfield>
   <subfield code="e">penulis</subfield>
   <subfield code="t">pecut, kesandhung tresna</subfield>
  </datafield>
  <datafield tag="700" ind1="0" ind2=" ">
   <subfield code="a">Nanda Nursa Alya</subfield>
   <subfield code="e">penulis</subfield>
   <subfield code="t">gomba amoh, kembang plastik, tuma</subfield>
  </datafield>
  <datafield tag="700" ind1="0" ind2=" ">
   <subfield code="a">Sunarti</subfield>
   <subfield code="e">penulis</subfield>
   <subfield code="t">kangen, widadarine Ngayogyakarta</subfield>
  </datafield>
  <datafield tag="700" ind1="0" ind2=" ">
   <subfield code="a">Tri Wahyuni</subfield>
   <subfield code="e">penulis</subfield>
   <subfield code="t">Suling, Asmaradana, mampir ngombe</subfield>
  </datafield>
  <datafield tag="700" ind1="0" ind2=" ">
   <subfield code="a">Muhammad Rifan Fachrian</subfield>
   <subfield code="e">penulis</subfield>
   <subfield code="t">wardaya kangen, angkara gusti widi</subfield>
  </datafield>
  <datafield tag="700" ind1="0" ind2=" ">
   <subfield code="a">Andi Tristianto</subfield>
   <subfield code="e">penulis</subfield>
   <subfield code="t">kadang tani, yaun kembar, mbako pungkasan</subfield>
  </datafield>
  <datafield tag="700" ind1="0" ind2=" ">
   <subfield code="a">Zaenita Sayidatil Ayami</subfield>
   <subfield code="e">penulis</subfield>
   <subfield code="t">babagan kangen</subfield>
  </datafield>
  <datafield tag="700" ind1="0" ind2=" ">
   <subfield code="a">Vighna</subfield>
   <subfield code="e">penulis</subfield>
   <subfield code="t">nala lara, lumantar lintang, tresna nglegena</subfield>
  </datafield>
  <datafield tag="700" ind1="0" ind2=" ">
   <subfield code="a">Syafi'i</subfield>
   <subfield code="e">penulis</subfield>
   <subfield code="t">bingung, aja sedhih, dhuh kekasih</subfield>
  </datafield>
  <datafield tag="700" ind1="0" ind2=" ">
   <subfield code="a">Hilaria</subfield>
   <subfield code="e">penulis</subfield>
   <subfield code="t">nyawang tanpa srawung, lurung manggung, tetabuhan</subfield>
  </datafield>
  <datafield tag="700" ind1="0" ind2=" ">
   <subfield code="a">Yohanes Adhi Satiyoko</subfield>
   <subfield code="e">penyunting</subfield>
  </datafield>
  <datafield tag="850" ind1=" " ind2=" ">
   <subfield code="a">YOPDYOG</subfield>
  </datafield>
  <datafield tag="264" ind1="3" ind2="1">
   <subfield code="a">Yogyakarta :</subfield>
   <subfield code="b">Kementerian Pendidikan dan Kebudayaan Balai Bahasa Propinsi Daerah Istimewa Yogyakarta,</subfield>
   <subfield code="c">2020</subfield>
  </datafield>
  <datafield tag="336" ind1=" " ind2=" ">
   <subfield code="2">rdacontent</subfield>
   <subfield code="a">teks</subfield>
  </datafield>
  <datafield tag="337" ind1=" " ind2=" ">
   <subfield code="2">rdamedia</subfield>
   <subfield code="a">tanpa perantara</subfield>
  </datafield>
  <datafield tag="338" ind1=" " ind2=" ">
   <subfield code="2">rdacarrier</subfield>
   <subfield code="a">volume</subfield>
  </datafield>
  <datafield tag="999" ind1=" " ind2=" ">
   <subfield code="a">CB-D.11/2020-2951</subfield>
  </datafield>
  <datafield tag="990" ind1=" " ind2=" ">
   <subfield code="a">CB-D.11/2020-2951</subfield>
  </datafield>
 </record>
</collection>
